Language Quiz

Random Language or Letter Quiz

Word Hourglass X(-Mas) Quiz Stats

 Plays Quiz Updated Dec 23, 2015

Also try: Word Hourglass IX
Challenge
Share
Tweet
Embed
Score 0/9 Timer 01:30
0 Plays Today
Clue Word % Correct
The highest grade usually givenA
99.1%
King Cole who sang 'The Christmas Song'NAT
93.4%
A professor's aideTA
92.2%
Its capital is Washington D.C.USA
91.3%
Kris Kringle with bottom of hourglassSANTA
87.2%
Lee who created the X-Men and Spider-manSTAN
85.4%
Studio founded by Charlie Chaplin and Douglas FairbanksUA
83.7%
Kris Kringle with top of hourglassCLAUS
78.5%
The first king of a united IsraelSAUL
67.7%

You're not logged in!

Compare scores with friends on all Sporcle quizzes.
Join for Free
OR
Log In

You Might Also Like...

Show Comments

Extras

Top Quizzes Today


Score Distribution

Your Account Isn't Verified!

In order to create a playlist on Sporcle, you need to verify the email address you used during registration. Go to your Sporcle Settings to finish the process.

Report this User

Report this user for behavior that violates our Community Guidelines.

Details: